[Event "MCR druzstev mladsich zaku 2019"]
[Site "Trest"]
[Date "2019.06.15"]
[Round "6.10"]
[White "Licka, Denis"]
[Black "Zelbova, Lada"]
[Result "1-0"]
[BlackElo "1469"]
[WhiteElo "1349"]
[LiveChessVersion "1.4.8"]

1. e4 {[%clk 0:25:17]} c5 {[%clk 0:25:18]} 2. Nf3 {[%clk 0:25:26]} d6
{[%clk 0:25:27]} 3. d4 {[%clk 0:25:34]} cxd4 {[%clk 0:25:35]} 4. Nxd4
{[%clk 0:25:42]} Nf6 {[%clk 0:25:43]} 5. Nc3 {[%clk 0:25:51]} a6 {[%clk 0:25:52]}
6. Be3 {[%clk 0:25:59]} e6 {[%clk 0:25:52]} 7. f3 {[%clk 0:26:07]} Be7
{[%clk 0:24:21]} 8. Qd2 {[%clk 0:25:57]} Bd7 {[%clk 0:24:04]} 9. g4
{[%clk 0:25:54]} b5 {[%clk 0:22:26]} 10. g5 {[%clk 0:25:26]} Nh5 {[%clk 0:22:03]}
11. h4 {[%clk 0:25:32]} b4 {[%clk 0:21:28]} 12. Nce2 {[%clk 0:25:22]} a5
{[%clk 0:20:48]} 13. Bh3 {[%clk 0:24:53]} g6 {[%clk 0:18:50]} 14. Bg4
{[%clk 0:24:03]} e5 {[%clk 0:14:55]} 15. Nb3 {[%clk 0:22:46]} Ng7
{[%clk 0:12:04]} 16. h5 {[%clk 0:22:23]} Bxg4 {[%clk 0:10:38]} 17. fxg4
{[%clk 0:22:18]} O-O {[%clk 0:09:22]} 18. hxg6 {[%clk 0:21:55]} fxg6
{[%clk 0:09:24]} 19. Qd5+ {[%clk 0:21:56]} Ne6 {[%clk 0:06:43]} 20. Qxa8
{[%clk 0:18:26]} Nc7 {[%clk 0:04:09]} 21. Qxa5 {[%clk 0:17:25]} Nc6
{[%clk 0:03:25]} 22. Qb6 {[%clk 0:17:25]} Qd7 {[%clk 0:02:21]} 23. Na5
{[%clk 0:14:33]} Nxa5 {[%clk 0:01:18]} 24. Qxa5 {[%clk 0:14:41]} Ne6
{[%clk 0:00:42]} 25. Qd5 {[%clk 0:13:33]} Kh8 {[%clk 0:00:40]} 26. O-O-O
{[%clk 0:12:12]} Nxg5 {[%clk 0:00:30]} 27. Qxe5+ {[%clk 0:11:23]} dxe5 28. Rxd7
{[%clk 0:11:25]} Bf6 {[%clk 0:00:11]} 29. Bxg5 {[%clk 0:11:31]} Bxg5+ 30. Kb1
{[%clk 0:11:00]} h6 {[%clk 0:00:28]} 31. Rd6 {[%clk 0:10:53]} Kg7
{[%clk 0:00:30]} 32. Rd7+ {[%clk 0:10:44]} Kg8 {[%clk 0:00:37]} 33. Rb7
{[%clk 0:10:39]} Rf2 {[%clk 0:00:35]} 34. Nc1 {[%clk 0:10:19]} Rf4
{[%clk 0:00:14]} 35. Rxb4 {[%clk 0:09:23]} Rxg4 {[%clk 0:00:22]} 36. Nd3
{[%clk 0:09:00]} Rg2 {[%clk 0:00:00]} 1-0

[Event "MCR druzstev mladsich zaku 2019"]
[Site "Trest"]
[Date "2019.06.15"]
[Round "6.11"]
[White "Schmutzer, Jakub"]
[Black "Barteckova, Denisa"]
[Result "0-1"]
[BlackElo "1342"]
[WhiteElo "1348"]
[LiveChessVersion "1.4.8"]

1. e4 {[%clk 0:25:18]} d5 {[%clk 0:25:18]} 2. exd5 {[%clk 0:25:11]} Nf6
{[%clk 0:25:26]} 3. Nf3 {[%clk 0:25:06]} Nxd5 {[%clk 0:25:33]} 4. Bc4
{[%clk 0:24:53]} Nb6 {[%clk 0:25:38]} 5. Bb3 {[%clk 0:24:56]} Nc6
{[%clk 0:25:39]} 6. O-O {[%clk 0:25:00]} Bf5 {[%clk 0:25:27]} 7. Nc3
{[%clk 0:24:34]} e6 {[%clk 0:25:28]} 8. d3 {[%clk 0:23:52]} h6 {[%clk 0:25:07]}
9. Bf4 {[%clk 0:22:27]} a6 {[%clk 0:23:13]} 10. h3 {[%clk 0:21:40]} Bd6
{[%clk 0:22:32]} 11. Be3 {[%clk 0:18:46]} Qf6 {[%clk 0:22:01]} 12. Re1
{[%clk 0:17:40]} O-O {[%clk 0:21:51]} 13. Ba4 {[%clk 0:15:38]} Nxa4
{[%clk 0:21:14]} 14. Nxa4 {[%clk 0:15:47]} Ne5 {[%clk 0:17:41]} 15. Nxe5
{[%clk 0:13:28]} Qxe5 {[%clk 0:17:28]} 16. Qf3 {[%clk 0:12:25]} Qb5
{[%clk 0:16:12]} 17. b3 {[%clk 0:09:18]} Be5 {[%clk 0:15:03]} 18. c4
{[%clk 0:08:24]} Qb4 {[%clk 0:13:44]} 19. Bc5 {[%clk 0:07:54]} Qd2
{[%clk 0:10:43]} 20. Re2 {[%clk 0:05:36]} Qa5 {[%clk 0:08:23]} 21. Rxe5
{[%clk 0:04:41]} Rfd8 {[%clk 0:06:51]} 22. Bd4 {[%clk 0:01:34]} Qd2
{[%clk 0:06:19]} 23. Qe3 {[%clk 0:00:25]} Qc2 {[%clk 0:05:24]} 24. Rxf5
{[%clk 0:00:14]} exf5 {[%clk 0:05:18]} 25. Be5 {[%clk 0:00:11]} Rxd3
{[%clk 0:04:29]} 26. Qf4 {[%clk 0:00:12]} Rad8 {[%clk 0:03:33]} 27. Bxc7
{[%clk 0:00:16]} R8d4 {[%clk 0:03:09]} 28. Qe5 {[%clk 0:00:20]} Rd1+
{[%clk 0:02:09]} 29. Rxd1 {[%clk 0:00:27]} Rxd1+ {[%clk 0:02:13]} 30. Kh2
{[%clk 0:00:36]} Qxf2 {[%clk 0:01:34]} 31. Qg3 {[%clk 0:00:13]} Qg1#
{[%clk 0:01:29]} 0-1

[Event "MCR druzstev mladsich zaku 2019"]
[Site "Trest"]
[Date "2019.06.15"]
[Round "6.12"]
[White "Letal, Hynek"]
[Black "Zelba, Josef"]
[Result "1-0"]
[BlackElo "1165"]
[WhiteElo "1278"]
[LiveChessVersion "1.4.8"]

1. e4 {[%clk 0:25:15]} d5 {[%clk 0:25:18]} 2. exd5 {[%clk 0:25:23]} Nf6
{[%clk 0:25:26]} 3. Nf3 {[%clk 0:25:31]} Nxd5 {[%clk 0:25:33]} 4. d4
{[%clk 0:25:40]} Nf6 {[%clk 0:25:39]} 5. Nc3 {[%clk 0:25:48]} Nc6
{[%clk 0:25:48]} 6. Bb5 {[%clk 0:25:56]} Bf5 {[%clk 0:25:37]} 7. O-O
{[%clk 0:26:03]} Qd7 {[%clk 0:25:43]} 8. Bg5 {[%clk 0:26:09]} Qd6
{[%clk 0:25:41]} 9. Re1 {[%clk 0:26:14]} g6 {[%clk 0:25:38]} 10. Bxf6
{[%clk 0:26:20]} Qxf6 {[%clk 0:25:45]} 11. d5 {[%clk 0:26:29]} Bg7
{[%clk 0:25:27]} 12. dxc6 {[%clk 0:26:36]} O-O {[%clk 0:25:34]} 13. cxb7
{[%clk 0:26:44]} Rab8 {[%clk 0:25:40]} 14. Bd3 {[%clk 0:26:39]} Bxd3
{[%clk 0:25:38]} 15. Qxd3 {[%clk 0:26:47]} Rxb7 {[%clk 0:25:44]} 16. Rab1
{[%clk 0:26:55]} e6 {[%clk 0:25:08]} 17. Ne4 {[%clk 0:27:01]} Qd8
{[%clk 0:24:53]} 18. b3 {[%clk 0:26:47]} Qxd3 {[%clk 0:24:43]} 19. cxd3
{[%clk 0:26:55]} Rd8 {[%clk 0:24:39]} 20. Nc5 {[%clk 0:27:04]} Rb5
{[%clk 0:24:40]} 21. b4 {[%clk 0:27:06]} a5 {[%clk 0:24:40]} 22. a3
{[%clk 0:27:14]} axb4 {[%clk 0:24:30]} 23. axb4 {[%clk 0:27:23]} Rdb8
{[%clk 0:24:37]} 24. Re4 {[%clk 0:27:12]} Rxc5 {[%clk 0:24:29]} 25. bxc5
{[%clk 0:27:02]} Rxb1+ {[%clk 0:24:35]} 26. Re1 {[%clk 0:27:10]} Rb8
{[%clk 0:24:38]} 27. Ng5 {[%clk 0:27:18]} Rb2 {[%clk 0:24:32]} 28. h3 Bd4
{[%clk 0:24:26]} 29. Rf1 {[%clk 0:26:44]} Bxc5 {[%clk 0:24:29]} 30. Ne4
{[%clk 0:26:47]} Be7 {[%clk 0:24:19]} 31. Rc1 {[%clk 0:26:54]} Rb7
{[%clk 0:24:15]} 32. f3 {[%clk 0:26:08]} f5 {[%clk 0:24:08]} 33. Ng3
{[%clk 0:26:05]} Bd6 {[%clk 0:24:03]} 34. Ne2 {[%clk 0:26:05]} Kf7
{[%clk 0:23:51]} 35. Kf2 {[%clk 0:26:05]} Kf6 {[%clk 0:23:55]} 36. Nd4
{[%clk 0:25:37]} Bf4 {[%clk 0:23:35]} 37. Re1 Rb2+ {[%clk 0:23:31]} 38. Kf1
{[%clk 0:25:23]} Bg3 {[%clk 0:23:31]} 39. Rxe6+ {[%clk 0:25:24]} Kg5
{[%clk 0:23:31]} 40. Rc6 {[%clk 0:24:24]} Rb1+ {[%clk 0:23:19]} 41. Ke2
{[%clk 0:24:32]} Rb7 {[%clk 0:23:10]} 42. Ne6+ {[%clk 0:24:31]} Kh6
{[%clk 0:23:18]} 43. f4 {[%clk 0:24:17]} Rb2+ {[%clk 0:22:03]} 44. Kf3
{[%clk 0:24:26]} Bh4 {[%clk 0:22:02]} 45. Rxc7 {[%clk 0:24:17]} Rxg2
{[%clk 0:22:16]} 46. Ke3 {[%clk 0:24:22]} Rg3+ {[%clk 0:22:03]} 47. Nf8
{[%clk 0:24:30]} Bf6+ {[%clk 0:22:00]} 48. Kd4 {[%clk 0:24:23]} Bg7+
{[%clk 0:22:03]} 49. Kc4 {[%clk 0:24:29]} Bf6 {[%clk 0:22:01]} 50. Ne6
{[%clk 0:24:21]} Ba1 {[%clk 0:22:02]} 51. Rf7 {[%clk 0:24:26]} Bg7
{[%clk 0:21:52]} 52. Ng5 {[%clk 0:24:32]} Re3 53. d4 Ra3 {[%clk 0:21:39]} 54. d5
{[%clk 0:24:32]} Ra8 {[%clk 0:21:26]} 55. d6 {[%clk 0:24:32]} Rc8+
{[%clk 0:21:08]} 56. Kd5 {[%clk 0:24:37]} Rd8 {[%clk 0:20:38]} 57. d7
{[%clk 0:24:40]} Rxd7+ {[%clk 0:19:47]} 58. Rxd7 {[%clk 0:24:48]} Kh5
{[%clk 0:19:50]} 59. Rxg7 {[%clk 0:24:48]} Kh4 {[%clk 0:19:50]} 60. Rxh7+
{[%clk 0:24:48]} Kg3 {[%clk 0:19:56]} 61. Rh6 {[%clk 0:25:08]} Kxf4
{[%clk 0:20:03]} 62. Rxg6 {[%clk 0:25:15]} Ke3 {[%clk 0:19:56]} 63. Rf6
{[%clk 0:25:24]} f4 {[%clk 0:19:59]} 64. h4 {[%clk 0:25:32]} Kd3 {[%clk 0:19:49]}
65. Rxf4 {[%clk 0:25:41]} Ke3 {[%clk 0:19:57]} 66. Re4+ {[%clk 0:25:46]} Kd3
{[%clk 0:20:03]} 67. Rg4 {[%clk 0:25:53]} Ke3 {[%clk 0:20:07]} 68. h5
{[%clk 0:26:01]} Kd3 {[%clk 0:20:14]} 69. Rg3+ {[%clk 0:26:11]} Ke2
{[%clk 0:20:18]} 70. Kd4 {[%clk 0:26:16]} Kf2 {[%clk 0:20:23]} 71. Ra3
{[%clk 0:26:24]} Ke2 {[%clk 0:20:31]} 72. h6 {[%clk 0:26:33]} Kd2
{[%clk 0:20:38]} 73. Ra2+ {[%clk 0:26:41]} Ke1 {[%clk 0:20:45]} 74. Kd3
{[%clk 0:26:47]} Kf1 {[%clk 0:20:45]} 75. Ke3 {[%clk 0:26:55]} Kg1
{[%clk 0:20:43]} 76. Kf3 {[%clk 0:27:03]} Kh1 {[%clk 0:20:43]} 77. Kg3
{[%clk 0:27:12]} Kg1 {[%clk 0:20:15]} 78. Ra1# {[%clk 0:27:20]} 1-0

[Event "MCR druzstev mladsich zaku 2019"]
[Site "Trest"]
[Date "2019.06.15"]
[Round "6.13"]
[White "Brozka, Karel"]
[Black "Werner, Hong Quan Dan"]
[Result "1-0"]
[BlackElo "1599"]
[WhiteElo "2142"]
[LiveChessVersion "1.4.8"]

1. d4 {[%clk 0:25:17]} Nf6 {[%clk 0:25:17]} 2. Nf3 {[%clk 0:25:23]} g6
{[%clk 0:25:21]} 3. Bf4 {[%clk 0:25:15]} Bg7 {[%clk 0:25:20]} 4. Nbd2
{[%clk 0:25:07]} d6 {[%clk 0:25:22]} 5. e4 {[%clk 0:25:05]} O-O {[%clk 0:25:14]}
6. Bd3 {[%clk 0:25:01]} Re8 {[%clk 0:24:35]} 7. O-O {[%clk 0:24:55]} Nh5
{[%clk 0:24:31]} 8. Be3 {[%clk 0:24:36]} e5 {[%clk 0:24:23]} 9. c3
{[%clk 0:23:37]} f5 {[%clk 0:22:21]} 10. Bc4+ {[%clk 0:17:05]} Be6
{[%clk 0:21:43]} 11. Bxe6+ {[%clk 0:17:05]} Rxe6 {[%clk 0:21:51]} 12. Qb3
{[%clk 0:14:45]} d5 {[%clk 0:21:26]} 13. exd5 {[%clk 0:13:43]} Rb6
{[%clk 0:21:25]} 14. Qc4 {[%clk 0:13:45]} Rd6 {[%clk 0:20:24]} 15. dxe5
{[%clk 0:10:28]} Rxd5 {[%clk 0:20:02]} 16. Bg5 {[%clk 0:10:17]} Qd7
{[%clk 0:19:30]} 17. e6 {[%clk 0:09:04]} Qxe6 {[%clk 0:18:18]} 18. Rfe1
{[%clk 0:09:06]} Qd6 {[%clk 0:15:44]} 19. Re8+ {[%clk 0:08:46]} Kf7
{[%clk 0:14:49]} 20. Rae1 {[%clk 0:08:19]} Bf6 {[%clk 0:14:39]} 21. Bxf6
{[%clk 0:07:45]} Nxf6 {[%clk 0:13:10]} 22. Ng5+ {[%clk 0:07:39]} Kg7
{[%clk 0:13:19]} 23. R1e7+ {[%clk 0:07:18]} Qxe7 {[%clk 0:12:36]} 24. Rxe7+
{[%clk 0:07:22]} Kf8 {[%clk 0:12:41]} 25. Rf7+ {[%clk 0:07:26]} Kg8
{[%clk 0:12:47]} 26. Rxf6 1-0

[Event "MCR druzstev mladsich zaku 2019"]
[Site "Trest"]
[Date "2019.06.15"]
[Round "6.14"]
[White "Sip, Marek"]
[Black "Bouska, Jiri"]
[Result "1-0"]
[BlackElo "1620"]
[WhiteElo "1479"]
[LiveChessVersion "1.4.8"]

1. d4 {[%clk 0:25:16]} Nf6 {[%clk 0:25:19]} 2. c4 {[%clk 0:25:18]} g6
{[%clk 0:25:26]} 3. Nc3 {[%clk 0:25:19]} Bg7 {[%clk 0:25:35]} 4. e4
{[%clk 0:25:22]} c5 {[%clk 0:25:37]} 5. Nge2 {[%clk 0:25:03]} cxd4
{[%clk 0:25:41]} 6. Nxd4 {[%clk 0:25:07]} Nc6 {[%clk 0:25:45]} 7. Be3
{[%clk 0:24:48]} O-O {[%clk 0:25:47]} 8. Be2 {[%clk 0:24:21]} d6 {[%clk 0:25:49]}
9. O-O {[%clk 0:24:19]} Bd7 {[%clk 0:25:52]} 10. h3 {[%clk 0:23:28]} Rc8 11. Qd2
{[%clk 0:23:21]} Re8 {[%clk 0:25:53]} 12. Nd5 {[%clk 0:20:06]} Nxe4
{[%clk 0:25:51]} 13. Qc2 {[%clk 0:18:33]} Nxd4 {[%clk 0:25:34]} 14. Bxd4
{[%clk 0:18:32]} e5 {[%clk 0:25:10]} 15. Bxa7 {[%clk 0:15:45]} Bf5
{[%clk 0:25:02]} 16. Bd3 {[%clk 0:12:48]} Ng5 {[%clk 0:21:59]} 17. Bxf5
{[%clk 0:12:19]} gxf5 {[%clk 0:22:04]} 18. Qxf5 {[%clk 0:12:13]} Ne6
{[%clk 0:21:34]} 19. Qg4 {[%clk 0:10:27]} Rf8 {[%clk 0:21:13]} 20. Bb6
{[%clk 0:09:54]} f5 {[%clk 0:20:05]} 21. Bxd8 {[%clk 0:09:52]} fxg4
{[%clk 0:20:13]} 22. Ne7+ {[%clk 0:10:00]} Kf7 {[%clk 0:20:05]} 23. Nxc8
{[%clk 0:10:08]} Rxd8 {[%clk 0:20:06]} 24. Nb6 {[%clk 0:10:10]} gxh3
{[%clk 0:20:10]} 25. gxh3 {[%clk 0:10:16]} Nf4 {[%clk 0:20:15]} 26. Kh2
{[%clk 0:10:10]} e4 {[%clk 0:20:00]} 27. Rae1 {[%clk 0:09:23]} Re8
{[%clk 0:19:35]} 28. b3 {[%clk 0:09:03]} Bc3 {[%clk 0:19:33]} 29. Rd1
{[%clk 0:08:26]} Ng6 {[%clk 0:19:03]} 30. Kg2 {[%clk 0:07:27]} Re6
{[%clk 0:18:35]} 31. Nd5 {[%clk 0:07:18]} Be5 {[%clk 0:18:25]} 32. f4
{[%clk 0:06:41]} exf3+ {[%clk 0:18:11]} 33. Rxf3+ {[%clk 0:06:47]} Kg7
{[%clk 0:18:16]} 34. Rf2 {[%clk 0:05:40]} h5 {[%clk 0:16:44]} 35. Rdf1
{[%clk 0:04:36]} Nh4+ {[%clk 0:16:43]} 36. Kh1 {[%clk 0:04:44]} Ng6
{[%clk 0:16:35]} 37. Rf7+ {[%clk 0:04:41]} Kh6 {[%clk 0:16:42]} 38. Rxb7
{[%clk 0:04:32]} Bg3 {[%clk 0:16:38]} 39. Kg2 {[%clk 0:04:06]} Bh4
{[%clk 0:16:42]} 40. Nf4 {[%clk 0:03:43]} Nxf4+ {[%clk 0:16:27]} 41. Rxf4
{[%clk 0:03:51]} Bg5 {[%clk 0:16:32]} 42. Rf2 {[%clk 0:03:51]} Rg6
{[%clk 0:16:37]} 43. Kf1 {[%clk 0:03:50]} Be3 {[%clk 0:16:39]} 44. a4
{[%clk 0:03:36]} Rg3 {[%clk 0:16:13]} 45. Rf6+ {[%clk 0:03:33]} Kg5
{[%clk 0:16:18]} 46. Rg7+ {[%clk 0:03:41]} Kxf6 {[%clk 0:16:20]} 47. Rxg3
{[%clk 0:03:50]} Bb6 {[%clk 0:16:17]} 48. b4 {[%clk 0:03:49]} Ke5
{[%clk 0:16:21]} 49. a5 {[%clk 0:03:52]} Ba7 {[%clk 0:16:27]} 50. b5
{[%clk 0:03:56]} d5 {[%clk 0:16:34]} 51. b6 {[%clk 0:03:57]} Bb8 {[%clk 0:16:40]}
52. cxd5 {[%clk 0:03:59]} Kxd5 {[%clk 0:16:44]} 53. Rg8 {[%clk 0:04:07]} Bf4
{[%clk 0:16:46]} 54. b7 {[%clk 0:04:16]} Kc6 {[%clk 0:16:54]} 55. b8=Q
{[%clk 0:04:24]} Bxb8 {[%clk 0:17:01]} 56. Rxb8 {[%clk 0:04:31]} h4
{[%clk 0:17:09]} 57. a6 {[%clk 0:04:39]} Kc7 {[%clk 0:17:11]} 58. a7
{[%clk 0:04:45]} Kc6 {[%clk 0:17:18]} 59. a8=Q+ {[%clk 0:04:51]} Kc5
{[%clk 0:17:28]} 60. Qa5+ {[%clk 0:04:57]} Kd4 {[%clk 0:17:37]} 61. Rb4+
{[%clk 0:05:05]} Kc3 {[%clk 0:17:45]} 62. Qa3+ {[%clk 0:05:15]} Kc2
{[%clk 0:17:54]} 63. Rb2+ {[%clk 0:05:24]} Kd1 64. Qa1# {[%clk 0:05:31]} 1-0

[Event "MCR druzstev mladsich zaku 2019"]
[Site "Trest"]
[Date "2019.06.15"]
[Round "6.15"]
[White "Janouskova, Adela"]
[Black "Mrkvan, Frantisek"]
[Result "1-0"]
[BlackElo "1384"]
[WhiteElo "1457"]
[LiveChessVersion "1.4.8"]

1. e4 {[%clk 0:25:17]} c5 {[%clk 0:25:19]} 2. c3 {[%clk 0:25:23]} Nc6
{[%clk 0:25:21]} 3. d4 {[%clk 0:25:26]} cxd4 {[%clk 0:25:04]} 4. cxd4
{[%clk 0:25:34]} Nf6 {[%clk 0:24:57]} 5. Nc3 {[%clk 0:25:32]} d6 {[%clk 0:24:12]}
6. Nf3 {[%clk 0:25:22]} g6 {[%clk 0:23:58]} 7. Bc4 {[%clk 0:24:55]} Bg7
{[%clk 0:23:58]} 8. O-O {[%clk 0:24:25]} O-O {[%clk 0:24:03]} 9. Be3
{[%clk 0:23:49]} Bd7 {[%clk 0:23:05]} 10. h3 {[%clk 0:23:23]} Rc8
{[%clk 0:22:03]} 11. Bb3 {[%clk 0:23:26]} Na5 {[%clk 0:21:03]} 12. Rc1
{[%clk 0:22:30]} Nxb3 {[%clk 0:18:12]} 13. Qxb3 {[%clk 0:22:18]} b6
{[%clk 0:17:55]} 14. Rfe1 {[%clk 0:18:27]} Bc6 {[%clk 0:15:54]} 15. d5
{[%clk 0:17:56]} Bb7 {[%clk 0:16:03]} 16. Bf4 {[%clk 0:16:22]} Nd7
{[%clk 0:12:52]} 17. Qd1 {[%clk 0:15:12]} f5 {[%clk 0:11:39]} 18. exf5
{[%clk 0:14:33]} Rxf5 {[%clk 0:11:14]} 19. Bg5 Ne5 {[%clk 0:08:35]} 20. Nd4
{[%clk 0:08:25]} Rf7 {[%clk 0:07:19]} 21. Ne6 {[%clk 0:08:05]} Qd7
{[%clk 0:06:39]} 22. b3 {[%clk 0:05:02]} Nf3+ {[%clk 0:04:15]} 23. gxf3
{[%clk 0:04:38]} Bxc3 {[%clk 0:04:24]} 24. Re3 {[%clk 0:04:16]} Bg7
{[%clk 0:03:35]} 25. Rxc8+ {[%clk 0:04:05]} Bxc8 {[%clk 0:03:03]} 26. Nxg7
{[%clk 0:03:52]} Kxg7 {[%clk 0:02:49]} 27. Qe2 {[%clk 0:03:04]} Kf8
{[%clk 0:01:55]} 28. Qb2 {[%clk 0:02:14]} Ke8 {[%clk 0:00:54]} 29. Qh8+
{[%clk 0:01:50]} Rf8 {[%clk 0:01:04]} 30. Qxh7 {[%clk 0:01:59]} Rf7
{[%clk 0:00:12]} 31. Qxg6 {[%clk 0:01:22]} Qxh3 {[%clk 0:00:00]} 1-0

[Event "MCR druzstev mladsich zaku 2019"]
[Site "Trest"]
[Date "2019.06.15"]
[Round "6.16"]
[White "Bures, Karel"]
[Black "Stary, Vojtech"]
[Result "1/2-1/2"]
[BlackElo "1330"]
[WhiteElo "1329"]
[LiveChessVersion "1.4.8"]

1. e4 {[%clk 0:25:18]} e5 {[%clk 0:25:19]} 2. Nf3 {[%clk 0:25:26]} Nc6
{[%clk 0:25:27]} 3. Bb5 {[%clk 0:25:35]} d6 {[%clk 0:25:35]} 4. Bxc6+
{[%clk 0:25:41]} bxc6 {[%clk 0:25:43]} 5. d3 {[%clk 0:25:48]} Nf6
{[%clk 0:25:41]} 6. Nc3 {[%clk 0:25:55]} Bg4 {[%clk 0:25:41]} 7. h3
{[%clk 0:26:00]} Bh5 {[%clk 0:25:47]} 8. g4 {[%clk 0:26:08]} Bg6 {[%clk 0:25:50]}
9. Bg5 {[%clk 0:25:23]} h6 {[%clk 0:25:49]} 10. Bh4 {[%clk 0:25:30]} Be7
{[%clk 0:24:36]} 11. Qd2 {[%clk 0:25:05]} Rb8 {[%clk 0:20:00]} 12. O-O-O
{[%clk 0:23:47]} Rb7 {[%clk 0:14:03]} 13. Rdg1 {[%clk 0:21:54]} Qb8
{[%clk 0:12:17]} 14. Nd1 {[%clk 0:21:50]} h5 {[%clk 0:10:40]} 15. Qc3
{[%clk 0:13:01]} c5 {[%clk 0:10:02]} 16. Ne3 {[%clk 0:12:36]} Kd7
{[%clk 0:04:34]} 17. Nf5 {[%clk 0:10:23]} Bxf5 {[%clk 0:04:24]} 18. gxf5
{[%clk 0:10:11]} Rg8 {[%clk 0:03:50]} 19. Rg2 {[%clk 0:08:36]} Rb6
{[%clk 0:00:43]} 20. Rhg1 {[%clk 0:08:24]} Qf8 {[%clk 0:00:46]} 21. Bxf6
{[%clk 0:07:02]} Bxf6 {[%clk 0:00:52]} 22. Ng5 {[%clk 0:07:00]} Ra6
{[%clk 0:00:20]} 23. Kb1 {[%clk 0:06:34]} Qe7 {[%clk 0:00:19]} 24. Nh7
{[%clk 0:06:11]} Rb6 {[%clk 0:00:14]} 25. Qa3 {[%clk 0:04:48]} Rb7
{[%clk 0:00:21]} 26. Qa4+ {[%clk 0:04:17]} c6 {[%clk 0:00:27]} 27. Qa6
{[%clk 0:03:41]} Kc7 {[%clk 0:00:33]} 28. Ng5 {[%clk 0:02:26]} g6
{[%clk 0:00:19]} 29. Nf3 {[%clk 0:01:15]} Qe8 {[%clk 0:00:19]} 30. Qc4
{[%clk 0:00:37]} Qe7 {[%clk 0:00:15]} 31. fxg6 {[%clk 0:00:39]} Rxg6
{[%clk 0:00:15]} 32. Rxg6 {[%clk 0:00:46]} fxg6 {[%clk 0:00:22]} 33. Rxg6
{[%clk 0:00:45]} h4 {[%clk 0:00:22]} 34. Qg8 {[%clk 0:00:35]} Kd7
{[%clk 0:00:13]} 35. Qc4 {[%clk 0:00:17]} Kc7 {[%clk 0:00:17]} 36. Qc3
{[%clk 0:00:17]} Kd7 {[%clk 0:00:21]} 37. Qa5 {[%clk 0:00:18]} Rc7
{[%clk 0:00:22]} 38. Qc3 {[%clk 0:00:15]} 1/2-1/2

[Event "MCR druzstev mladsich zaku 2019"]
[Site "Trest"]
[Date "2019.06.15"]
[Round "6.17"]
[White "Slosar, Jan"]
[Black "Dudkova, Josefina"]
[Result "1-0"]
[BlackElo "1421"]
[WhiteElo "1369"]
[LiveChessVersion "1.4.8"]

1. d4 {[%clk 0:25:18]} Nf6 {[%clk 0:25:11]} 2. Nf3 {[%clk 0:25:26]} d5
{[%clk 0:25:06]} 3. c4 {[%clk 0:25:33]} dxc4 {[%clk 0:24:57]} 4. Nc3
{[%clk 0:25:41]} Bf5 {[%clk 0:24:36]} 5. Bg5 {[%clk 0:25:47]} e6 {[%clk 0:24:38]}
6. e3 {[%clk 0:25:55]} Nc6 {[%clk 0:24:07]} 7. Bxc4 {[%clk 0:25:59]} Be7
{[%clk 0:23:46]} 8. O-O {[%clk 0:26:06]} O-O {[%clk 0:23:50]} 9. Qb3
{[%clk 0:24:57]} b6 {[%clk 0:23:10]} 10. h3 {[%clk 0:24:57]} Na5 {[%clk 0:22:31]}
11. Qa4 {[%clk 0:24:42]} Rc8 {[%clk 0:21:34]} 12. Ba6 {[%clk 0:24:26]} Rb8
{[%clk 0:21:22]} 13. b4 {[%clk 0:24:29]} Nb7 {[%clk 0:21:01]} 14. Ne5
{[%clk 0:24:10]} Qd6 {[%clk 0:16:24]} 15. Bxf6 {[%clk 0:23:34]} gxf6
{[%clk 0:15:24]} 16. Nd7 {[%clk 0:23:41]} Qxb4 {[%clk 0:14:44]} 17. Qxb4
{[%clk 0:23:49]} Bxb4 {[%clk 0:14:51]} 18. Nxb8 {[%clk 0:23:45]} Bxc3
{[%clk 0:13:17]} 19. Rac1 {[%clk 0:23:10]} Rxb8 {[%clk 0:12:44]} 20. Rxc3
{[%clk 0:23:19]} Nd6 {[%clk 0:12:27]} 21. Rxc7 {[%clk 0:23:14]} Ra8
{[%clk 0:11:37]} 22. Rc6 {[%clk 0:23:07]} Ne4 {[%clk 0:11:01]} 23. Rc8+
{[%clk 0:23:11]} Rxc8 {[%clk 0:11:02]} 24. Bxc8 {[%clk 0:23:20]} Ng5
{[%clk 0:10:39]} 25. Bb7 {[%clk 0:23:16]} e5 {[%clk 0:10:01]} 26. d5
{[%clk 0:23:14]} Bd3 {[%clk 0:09:30]} 27. Rd1 {[%clk 0:23:09]} Bc4
{[%clk 0:09:32]} 28. a3 {[%clk 0:23:17]} Bb5 {[%clk 0:09:20]} 29. Bc6
{[%clk 0:23:20]} Bxc6 {[%clk 0:08:35]} 30. dxc6 {[%clk 0:23:29]} Ne6
{[%clk 0:08:37]} 31. Rd6 {[%clk 0:23:38]} Nc7 {[%clk 0:08:28]} 32. Rd7
{[%clk 0:23:35]} Ne6 {[%clk 0:08:21]} 33. c7 {[%clk 0:23:40]} Nxc7
{[%clk 0:07:55]} 34. Rxc7 {[%clk 0:23:49]} a5 {[%clk 0:07:53]} 35. Rc6
{[%clk 0:23:55]} b5 {[%clk 0:07:55]} 36. Rc5 {[%clk 0:23:58]} b4 {[%clk 0:07:54]}
37. Rxa5 {[%clk 0:24:07]} bxa3 {[%clk 0:07:59]} 38. Rxa3 {[%clk 0:24:16]} Kg7
{[%clk 0:08:03]} 39. Kh2 {[%clk 0:24:11]} Kg6 {[%clk 0:08:10]} 40. Kg3
{[%clk 0:24:19]} h5 {[%clk 0:08:02]} 41. Ra7 {[%clk 0:24:24]} Kg7
{[%clk 0:08:02]} 42. Kh4 {[%clk 0:24:33]} Kg6 {[%clk 0:08:07]} 43. g4
{[%clk 0:24:37]} hxg4 {[%clk 0:08:11]} 44. Kxg4 {[%clk 0:24:42]} f5+
{[%clk 0:07:58]} 45. Kh4 {[%clk 0:24:43]} Kf6 {[%clk 0:07:50]} 46. f4
{[%clk 0:24:51]} e4 {[%clk 0:07:56]} 47. Kh5 {[%clk 0:24:54]} Ke6
{[%clk 0:08:02]} 48. Kg5 {[%clk 0:24:58]} f6+ {[%clk 0:08:05]} 49. Kg6
{[%clk 0:25:05]} Kd5 {[%clk 0:08:09]} 50. h4 {[%clk 0:25:11]} Ke6
{[%clk 0:08:17]} 51. h5 {[%clk 0:25:15]} Kd6 {[%clk 0:08:22]} 52. h6
{[%clk 0:25:24]} Ke6 {[%clk 0:08:30]} 53. h7 {[%clk 0:25:33]} Kd6
{[%clk 0:08:37]} 54. h8=Q {[%clk 0:25:41]} 1-0